000 03562cam a22012614i 4500
003 PE-LiUPU
005 20250813185349.0
008 150623s r 000 0 d
020 _a8471123444
035 _a(Sirsi) i9788471123442
040 _aPE-LiUPU
_bspa
_cPE-LiUPU
_erda
049 _aPRUA
082 0 4 _a376.1
_bW58
_221
100 1 _aWillis, Annie,
_eautor.
245 1 0 _aOrientaciones para la escuela infantil de cero a dos años /
_cAnnie Willis, Henry Ricciuti.
250 _a3a
264 1 _aMadrid-España :
_bEdiciones Morata S. L.,
_c2000.
300 _a173 páginas :
_bilustraciones, fotos, diagrámas, cuadros ;
_c24 centímetros
336 _atext
_2rdacontent
337 _aunmediated
_2rdamedia
338 _avolume
_2rdacarrier
490 0 _aPedagogía. Educación Infantil y Primaria ;
_v13
504 _aIncluye bibliografía.
505 0 _aObjetivos y principios. Relaciones con la familia. Organización del centro y del personal. El proyecto educativo de centro: el día de una educadora. Juego y aprendizaje. Ayudar a los bebés en su adaptación. Los cuidados rutinarios. El personal: composición, formación y estado de ánimo. Espacio físico y equipamiento. Salud y seguridad.
526 _aP202
526 _aP201
526 _aP163
526 _aP162
526 _aP161
526 _aP160
526 _aP148
526 _aP147
526 _aP146
526 _aP145
526 _aP144
526 _aP143
526 _aP142
526 _aP141
526 _aP140
526 _aP139
526 _aP138
526 _aP137
526 _aP136
526 _aP135
526 _aP134
526 _aP133
526 _aP129
526 _aP128
526 _aP127
526 _aP120
526 _aP119
526 _aP118
526 _aP116
526 _aP115
526 _aP114
526 _aP110
526 _aP109
526 _aP108
526 _aP104
526 _aP103
526 _aP102
526 _aP99
526 _aP98
526 _aP97
526 _aP96
526 _aP95
526 _aP93
526 _aP90
526 _aP89
526 _aP88
526 _aP83
526 _aP82
526 _aP62
526 _aP59
526 _aP58
526 _aP57
526 _aP51
526 _aP49
526 _aP48
526 _aP47
526 _aP29
526 _aP24
526 _aP20
526 _aP19
526 _aP17
526 _aP15
526 _aP14
526 _aP12
526 _aP10
526 _aP09
526 _aP08
526 _aP07
526 _aP06
526 _aP05
526 _aP04
526 _aP01
650 0 4 _aEducación de Niños.
_91818
650 0 4 _aEducación Preescolar.
700 1 _aRecciuti, Henry.
942 _2ddc
_cBOOK
949 _a372.3 W58
_wDEWEY
_c1
_i36865
_lCCODEBUL1
_mBUL
_r0
_sY
_tBOOK
_u2015-6-17
_xEDUCACION
_zUNKNOWN
_0COMPRA
_o.STAFF. Colección General
949 _a376.1 W58
_wDEWEY
_c1
_i52777
_lCCODEBUL1
_mBUL
_p36.00
_r0
_sY
_tBOOK
_u2015-6-24
_xEDUCACION
_zUNKNOWN
_0COMPRA
_o.STAFF. Colección General
994 _aC0
_bPEPRU
596 _a1
999 _a372.3 W58
_wDEWEY
_c18999
_i36865
_f2019-12-10
_g4
_lDISCARD
_mBUL
_r1
_sN
_tBOOK
_u2015-6-17
_xEDUCACION
_zUNKNOWN
_0COMPRA
_o.STAFF. Colección General
_d18999
999 _a376.1 W58
_wDEWEY
_c1
_i52777
_f2021-11-8
_g5
_lCCODEBUL1
_mBUL
_p36.00
_r0
_sN
_tBOOK
_u2015-6-24
_xEDUCACION
_zUNKNOWN
_0COMPRA
_o.STAFF. Colección General
980 _81
_gALBERTO SANCHEZ Responsable de Automatización